000 01374nam a2200361 i 4500
001 11118
003 KOSZ 005
005 20210511091633.0
008 080328s1967 pl a f 001 0 pol
015 _aPB 1967/9178
040 _aWA N
_cKOSZ 005/RW
_dKOSZ 005/RW
_dKOSZ 005/HR
046 _k1967
080 _a696
100 1 _aCzerniakowski, Zygmunt.
_eAutor
245 1 0 _aTerminologia budownictwa :
_bpraca zbiorowa.
_nCz. 3,
_pInstalacje sanitarne w budynkach /
_c [Zygmunt Czerniakowski, Edward Maszczyński, Wacław Nowicki] ; Instytut Urbanistyki i Architektury.
246 3 0 _aInstalacje sanitarne w budynkach.
250 _aRed. druga po ankiecie.
260 _aWarszawa :
_b"Arkady",
_c1967.
300 _a126, [1] s. :
_bil. ;
_c24 cm.
380 _aKsiążki.
388 _a1901-2000
500 _aCałość pod kier. Tadeusza Dzięgielewskiego.
504 _aIndeks.
658 _aArchitektura i budownictwo
650 4 _aTerminologia
650 4 _aInstalacje sanitarne
700 1 _aMaszczyński, Edward.
_eAutor
710 2 _aWydawnictwo "Arkady".
_4pbl.
700 1 _aDzięgielewski, Tadeusz
_eRedakcja
700 1 _aNowicki, Wacław
_c(inżynieria sanitarna)
_eAutor
856 _uhttp://koha.tu.koszalin.pl/cgi-bin/koha/opac-detail.pl?biblionumber=11118
_yKatalog online BPK
942 _2UKD
_cKS
999 _c11118
_d11118